000 00501nmm a2200145Ia 4500
005 20241120123209.0
008 241120s9999||||xx |||||||||||||||||und||
020 _a9783039212125
100 _aKoehler, Karsten||Drenowatz, Clemens
245 0 _aIntegrated Role of Nutrition and Physical Activity for Lifelong Health
260 _aMDPI - Multidisciplinary Digital Publishing Institute
_c2019
650 _an/a
856 _uhttps://directory.doabooks.org/handle/20.500.12854/50377
942 _cE-Book
999 _c191431
_d191431